000
00218nam a22000857a 4500
999
_c
11481
_d
11481
008
190527b ||||| |||| 00| 0 eng d
020
_a
9789384603588
100
_9
7198
_a
SETHI PRAMOD
245
_a
LEARN TO PLAY WEIGHTLIFTING